书目信息 |
| 题名: |
摆渡人
|
|
| 作者: | 克莱儿·麦克福尔 著 | |
| 分册: | ||
| 出版信息: | 南昌 百花洲文艺出版社 2015.06 |
|
| 页数: | 274页 | |
| 开本: | 22cm | |
| 丛书名: | ||
| 单 册: | ||
| 中图分类: | I561.45 | |
| 科图分类: | ||
| 主题词: | 文学 | |
| 电子资源: | ||
| ISBN: | 7-5500-1324-1 | |
| 000 | 00571nam0 2200193 450 | |
| 001 | 1645805669 | |
| 005 | 20190620113823.70 | |
| 010 | @a7-5500-1324-1@dCNY36.00 | |
| 100 | @a20161010d2015 km y0chiy0120 ea | |
| 101 | 0 | @achi |
| 102 | @aCN@b360000 | |
| 200 | 1 | @a摆渡人@Abai du ren@f(英)克莱儿·麦克福尔著@F(ying)ke lai er·mai ke fu er zhu |
| 210 | @a南昌@c百花洲文艺出版社@d2015.06 | |
| 215 | @a274页@d22cm | |
| 606 | 0 | @a文学 |
| 690 | @aI561.45@v4 | |
| 701 | 0 | @a克莱儿·麦克福尔@Ake lai er·mai ke fu er@4著 |
| 801 | 0 | @aCN@bMUSE@c20190620 |
| 905 | @aMUSE@dI561.45@eK6302 | |
| 摆渡人/(英)克莱儿·麦克福尔著.-南昌:百花洲文艺出版社,2015.06 |
| 274页;22cm |
| ISBN 7-5500-1324-1:CNY36.00 |
| ● |
| 相关链接 |
|
|
|
正题名:摆渡人
索取号:I561.45/K6302
 
预约/预借
| 序号 | 登录号 | 条形码 | 馆藏地/架位号 | 状态 | 备注 |
| 1 | 1238677 | 212386773 | 文学库116/116文学库 21排2列2层/ [索取号:I561.45/K6302] | 在馆 | |
| 2 | 1238678 | 212386782 | 文学库116/116文学库 21排2列2层/ [索取号:I561.45/K6302] | 在馆 | |
| 3 | 1239681 | 212396815 | 文学库116/116文学库 21排2列2层/ [索取号:I561.45/K6302] | 在馆 | |
| 4 | 624890 | 206248906 | 文学库116/409社科库 46排2列4层/ [索取号:I561.45/K6302] | 在馆 |